[Event "RUS-chT Blitz Women 2018"]
[Site "Sochi"]
[Date "2018.10.10"]
[Round "9"]
[White "Girya, Olga"]
[Black "Maletina, Tatiana"]
[Result "1/2-1/2"]
[WhiteElo "2479"]
[BlackElo "2270"]
[Annotator "TA"]
[PlyCount "136"]
[EventDate "2018.10.10"]
[EventType "swiss"]
[EventCountry "RUS"]
[SourceTitle "playchess.com"]
[Source "ChessBase"]
[SourceQuality "1"]

{[%evp 19,136,-5,18,5,19,16,29,30,83,0,0,0,17,20,17,9,44,27,55,49,106,36,55,52,118,101,97,16,20,19,89,0,0,0,0,0,8,0,0,-13,-12,-43,-52,-81,-72,-72,-47,-90,-43,-38,-42,-85,-90,-113,-108,-144,-168,-316,-328,-307,-246,-224,-172,-183,-35,-100,-92,-96,-102,-89,-53,-505,0,0,0,0,0,0,0,0,0,0,0,0,0,0,0,0,0,0,0,0,0,0,0,0,0,0,0,0,0,0,0,0,0,0,0,0,0,0,0,0,0,0,0,0,0,0,0]} 1. d4 d5 2. c4 c6 3. Nc3 Nf6 4. e3 Bf5 5. Nf3 e6 6. Bd3 Bxd3 7. Qxd3 Nbd7 8. O-O Bd6 9. b3 O-O 10. Bb2 Qe7 {LiveBook: 4 Games. D12: Slav Defence: 3 Nf3 Nf6 4 e3 Bf5} 11. Rad1 Rad8 12. Qc2 $146 ({Predecessor:} 12. e4 dxe4 13. Nxe4 Nxe4 14. Qxe4 Rfe8 15. h3 h6 16. Rfe1 Nf6 17. Qe3 a6 18. Ne5 {1-0 (43) Speelman,J (2491)-Wang,Y (2391) Gibraltar 2008}) 12... Bb8 13. e4 dxc4 (13... Nxe4 $11 {keeps the balance.} 14. Nxe4 dxe4 15. Qxe4 Bd6) 14. bxc4 (14. e5 $16) 14... e5 $11 15. d5 Nc5 16. Rfe1 Bd6 17. Rb1 Nh5 18. g3 Qd7 19. Na4 f6 ({Black should try} 19... Nxa4 $1 $14 20. Qxa4 Nf4) 20. Bc1 ({Better is} 20. Ba3 $1 $16 b6 21. Nxc5 bxc5 22. Rb3) 20... Qg4 21. Nh4 g6 (21... Nxa4 $14 22. Qxa4 cxd5) 22. Nxc5 $16 Bxc5 23. Be3 (23. Rxb7 $16 Qc8 24. Rb3) 23... Bxe3 $11 24. Rxe3 Rd7 (24... b6 $11) 25. Qe2 (25. Ng2 $16) 25... Qxe2 26. Rxe2 cxd5 27. cxd5 Rc8 28. Rb4 Ng7 29. Nf3 Ne8 30. Reb2 Nd6 31. Nd2 Rdc7 32. Ra4 b6 33. Kf1 Rc1+ 34. Ke2 R8c7 35. Rab4 Kf7 36. f3 Ke7 37. a4 {[#]} Rh1 $1 38. Nf1 (38. h4 $142) 38... Rc1 $19 39. Ne3 Rxh2+ 40. Kd3 Rxb2 41. Rxb2 {[%mdl 4096] Endgame [#] KRN-KRN} f5 (41... h5 $1 $19 {White must now prevent ...Ra1.} 42. a5 bxa5) 42. Rh2 (42. exf5 $1 $15 Ra1 43. fxg6 hxg6 44. Rb4) 42... fxe4+ $17 43. fxe4 h5 44. g4 Ra1 45. gxh5 $2 {[%mdl 8192]} (45. Nc2 $1 $15 Rd1+ 46. Ke2) 45... gxh5 $2 (45... Ra3+ $19 46. Kd2 Nxe4+ 47. Kc1 Rxe3) 46. Rxh5 $11 {The position is equal.} Ra3+ 47. Ke2 Kd7 48. Rxe5 Rxa4 49. Kf3 Ra3 {And now ...Nc4 would win.} 50. Kf4 {Threatens to win with Ng4.} Rxe3 51. Kxe3 {KR-KN} Nc4+ 52. Kd4 Nxe5 53. Kxe5 {Kf6 is the strong threat. KPP-KPP} a5 54. Kd4 a4 55. e5 b5 56. Kc3 Ke7 57. Kb4 Kd7 58. Ka3 Kc7 59. d6+ Kd7 60. Kb4 Ke6 61. Ka3 Kd7 62. Kb4 Ke6 63. Kxb5 {KPP-KP} a3 64. Kc6 {aiming for d7.} a2 65. d7 a1=Q {( -> ...Qc3+)} ({Not} 65... Ke7 $2 66. Kc7 $18) (65... Ke7 $5 66. Kc7 $8 a1=Q 67. d8=Q+ Kf7 $16) 66. d8=Q {[%csl Ge5][%cal Rd8f6]} Qxe5 67. Qe8+ Kf5 68. Qxe5+ Kxe5 {Precision: White = 34%, Black = 37%.} 1/2-1/2

[Event "RUS-chT Blitz Women 2018"]
[Site "Sochi"]
[Date "2018.10.10"]
[Round "9"]
[White "Kovalevskaya, Ekaterina"]
[Black "Girshgorn, Maria"]
[Result "1-0"]
[WhiteElo "2403"]
[BlackElo "1949"]
[Annotator "TA"]
[PlyCount "65"]
[EventDate "2018.10.10"]
[EventType "swiss"]
[EventCountry "RUS"]
[SourceTitle "playchess.com"]
[Source "ChessBase"]
[SourceQuality "1"]

{[%evp 16,65,27,12,42,50,52,59,79,41,93,104,107,79,86,77,152,27,103,0,264,94,82,85,143,134,206,7,308,290,325,277,448,352,628,617,642,394,789,787,1172,1168,1449,1392,2073,2037,1930,1932,29989,29989,29998,29999]} 1. Nf3 Nf6 2. g3 g6 3. Bg2 Bg7 4. O-O O-O 5. d4 d6 6. Re1 Nbd7 7. e4 e5 8. Nc3 exd4 {B07: Pirc Defence: Miscellaneous Systems} (8... Re8 9. h3 c6 10. a4 b6 11. Bg5 Bb7 12. Qd2 Qc7 13. Rad1 a6 14. dxe5 dxe5 15. Qd6 Qxd6 16. Rxd6 h6 17. Bxf6 Nxf6 18. Nd2 {½-½ (80) Kramnik,V (2792)-Grischuk,A (2766) Paris 2018}) 9. Nxd4 {LiveBook: 20 Games} Ne5 10. h3 c6 {White is slightly better.} 11. f4 $146 ({Predecessor:} 11. b3 Qa5 12. Nde2 Nh5 13. Bd2 Qc7 14. g4 Nf6 15. Be3 d5 16. exd5 Nxd5 17. Nxd5 cxd5 {1-0 (27) Tovillas,D (2335)-Serafim,A Mar del Plata 1994}) 11... Nc4 12. b3 Na5 (12... Qa5 $14 13. Qd3 Na3) 13. Be3 $16 c5 14. Ndb5 Ne8 {[#] ...a6 is the strong threat.} 15. e5 a6 (15... Be6 $142) 16. Na3 (16. Nxd6 $16 Nxd6 17. Bxc5) 16... Bd7 (16... Be6 $11) 17. Ne4 (17. Qd2 $16) 17... Qb6 $2 {[%mdl 8192] [#]} (17... Bc6 $11 {and Black stays safe.}) 18. Nc4 $2 ({Don't play} 18. exd6 $6 Bxa1 19. Bxc5 (19. Qxa1 Qd8 $18) 19... Qd8 $18) (18. Nxc5 $1 $18 {[%mdl 512] is more deadly.} Bc6 (18... dxc5 19. Qxd7) 19. Na4) 18... Nxc4 19. bxc4 {Threatens to win with Rb1.} Bf5 (19... Bc6 $142) 20. Rb1 $36 {[%mdl 2048] White is really pushing.} Qd8 (20... Qa5 $16) 21. exd6 $2 ({White should play} 21. Nxd6 $18 Nxd6 22. exd6 (22. Qxd6 Qxd6 23. exd6 Rad8 $18)) 21... Rb8 $2 {[%mdl 8192]} (21... Bxe4 $1 $11 22. Bxe4 Nxd6 23. Bxc5 Nxe4 24. Rxe4 (24. Bxf8 Bd4+ 25. Kh2 Nf2 $14) 24... Qxd1+ 25. Rxd1 Rfd8 26. Rxd8+ Rxd8) 22. Bxc5 $18 Bxe4 23. Bxe4 Nf6 $2 (23... Rc8 {was called for.}) 24. Bg2 Qd7 $2 (24... Qc8) 25. Ba7 Rbd8 26. Rxb7 Qa4 $2 (26... Qxd6 27. Qxd6 Rxd6) 27. c5 Nh5 28. c6 Nxg3 29. c7 Rd7 30. Rb8 Qc4 31. Rxf8+ Kxf8 32. Qd3 Qxd3 33. c8=Q+ {Precision: White = 44%, Black =  9%.} 1-0

[Event "RUS-chT Blitz Women 2018"]
[Site "Sochi"]
[Date "2018.10.10"]
[Round "9"]
[White "Kovanova, Baira"]
[Black "Faizutdinova, Diana"]
[Result "1-0"]
[WhiteElo "2350"]
[BlackElo "2061"]
[Annotator "RC"]
[PlyCount "53"]
[EventDate "2018.10.10"]
[EventType "swiss"]
[EventCountry "RUS"]
[SourceTitle "playchess.com"]
[Source "ChessBase"]
[SourceQuality "1"]
[TimeControl "180+2"]

1. Nf3 {[%emt 0:00:00]} Nf6 {[%emt 0:00:00]} 2. g3 {[%emt 0:00:00]} g6 {[%emt 0:00:00]} 3. Bg2 {[%emt 0:00:01]} Bg7 {[%emt 0:00:01]} 4. O-O {[%emt 0:00:02]} O-O {[%emt 0:00:02]} 5. d3 {[%emt 0:00:01]} d5 {[%emt 0:00:05]} 6. Nbd2 {[%emt 0:00:03]} c6 {[%emt 0:00:11]} 7. e4 {[%emt 0:00:06]} dxe4 {[%emt 0:00:02]} 8. dxe4 {[%emt 0:00:02]} h6 {[%emt 0:00:04]} 9. Qe2 {[%emt 0:00:07]} Be6 {[%emt 0:00:04]} 10. Nb3 {[%emt 0:00:17]} a5 {[%emt 0:00:24]} 11. Nbd4 {[%emt 0:00:02]} Bc8 {[%emt 0:00:14]} 12. e5 {[%emt 0:00:07]} Nd5 {[%emt 0:00:44]} 13. c3 {[%emt 0:00:10]} e6 {[%emt 0:00:05]} 14. Re1 {[%emt 0:00:25]} Qc7 {[%emt 0:00:09]} 15. h4 {[%emt 0:00:06]} b6 {[%emt 0:00:19]} 16. c4 {[%emt 0:00:13]} Ne7 {[%emt 0:00:06]} 17. Bf4 {[%emt 0:00:01]} Ba6 {[%emt 0:00:17]} 18. Qc2 {[%emt 0:00:15]} Nf5 {[%emt 0:00:23]} 19. Nxf5 {[%emt 0:00:12]} gxf5 {[%emt 0:00:01]} 20. Nd4 {[%emt 0:00:11]} Rd8 {[%emt 0:00:06]} 21. Nb5 {[%emt 0:00:31]} Qe7 {[%emt 0:00:13]} 22. Nd6 {[%emt 0:00:04]} Ra7 {[%emt 0:00:03]} 23. Qc3 {[%emt 0:00:11]} Rad7 {[%emt 0:00:01]} 24. Qe3 {[%emt 0:00:01]} c5 {[%emt 0:00:02]} 25. Bxh6 {[%emt 0:00:02]} Rxd6 {[%emt 0:00:08]} 26. exd6 {[%emt 0:00:03]} Bd4 {[%emt 0:00:01]} 27. dxe7 {[%emt 0:00:03]} 1-0

[Event "RUS-chT Blitz Women 2018"]
[Site "Sochi"]
[Date "2018.10.10"]
[Round "9"]
[White "Dordzhieva, Dinara"]
[Black "Bondareva, Daria"]
[Result "0-1"]
[WhiteElo "2340"]
[BlackElo "1979"]
[Annotator "TA"]
[PlyCount "86"]
[EventDate "2018.10.10"]
[EventType "swiss"]
[EventCountry "RUS"]
[SourceTitle "playchess.com"]
[Source "ChessBase"]
[SourceQuality "1"]

{[%evp 14,86,6,0,48,41,52,50,60,52,61,58,74,56,66,36,47,16,77,81,64,70,77,9,199,197,229,208,243,89,98,88,204,191,191,189,477,31,52,14,23,0,119,122,125,130,136,88,87,91,98,0,4,-12,-13,-41,-50,-41,-22,-399,-190,-181,-43,-229,-43,-234,-242,-235,-237,-643,-634,-1131,-1133,-29997,-29998]} 1. Nf3 Nf6 2. d4 e6 3. g3 b6 4. Bg2 Bb7 5. c4 Bb4+ 6. Nbd2 O-O 7. a3 Bxd2+ 8. Qxd2 {LiveBook: 109 Games} Ne4 {E11: Bogo-Indian} (8... d6 9. O-O a5 10. b3 Nbd7 11. Bb2 Be4 12. Rfe1 Qe7 13. Rad1 Rfd8 14. Qc1 Rab8 15. Bf1 c5 16. Nd2 Bc6 17. e4 cxd4 18. Bxd4 e5 19. Bc3 Nc5 {1-0 (44) Dubov,D (2666)-Moskalenko,A (2531) Sochi 2017}) 9. Qc2 d5 10. O-O Nd7 {White is slightly better.} 11. Bf4 c5 12. dxc5 bxc5 13. cxd5 exd5 14. Rac1 $146 ({Predecessor:} 14. Nd2 Nxd2 15. Qxd2 {½-½ (26) Krishnater,K (2021)-Koziol,K (2305) Deutschlandsberg 2018}) 14... Qe7 15. Rfd1 Rac8 (15... Rfe8 $11) 16. Nd2 Nxd2 17. Qxd2 Nb6 18. Qc2 (18. e4 $16) 18... a5 $2 (18... Rfd8 $11) 19. Qb3 $18 Qe6 20. Qb5 Ba8 21. Rxc5 $2 ({Don't play} 21. Qxa5 $6 h6 $16) (21. e4 $1 $18 {is the precise move to win.}) 21... Rxc5 $16 22. Qxc5 {Strongly threatening e4.} Nc4 (22... Qxe2 $16 {was worth a try.} 23. Qd4 Nc4) 23. b3 ({Resist} 23. Bxd5 $6 Qxe2 24. Rd4 Bxd5 $16) 23... Qxe2 24. Qd4 $1 Nb2 $2 (24... Nxa3 {is a better defense.} 25. Bf1 (25. Bxd5 h6 $14) 25... Qe6) 25. Rf1 $2 (25. Rd2 $18 Qe1+ 26. Bf1) 25... Nd3 $14 26. Be3 Rc8 27. h3 Qc2 (27... h5 $11 {keeps the balance.}) 28. b4 $16 axb4 29. axb4 Qc4 30. Rb1 Qxd4 31. Bxd4 Rc4 {[#]} 32. Ra1 (32. Bc5 $1 $16 {[%mdl 512]}) 32... Bb7 $11 33. Ra7 Rxb4 34. Bc3 (34. Kf1 {with more complications.} Kf8 35. Ke2 Nc1+ 36. Ke3 Nb3 37. Be5) 34... Rb1+ 35. Bf1 $1 h6 36. Bd2 $2 {[%mdl 8192]} ({Not} 36. Rxb7 $2 Rxb7 37. Bxd3 Rb3 $19) (36. Ra1 $11 Rxa1 37. Bxa1) 36... Nc5 (36... Ne5 $142 {aiming for ...Nf3+.} 37. Bc1 Nf3+ 38. Kg2 Ne1+ 39. Kg1 d4) 37. Be3 $19 Ne4 (37... Ne6 $19 38. f3 d4) 38. Bd4 $2 ({White has to play} 38. Kh2 $1 $15) 38... Bc6 $2 (38... Nd2 $19 39. Ra1 Rxf1+ 40. Rxf1 Nf3+ 41. Kg2 Nxd4) 39. Ra2 $2 (39. Ra1 $15 Rb4 40. Ba7) 39... Bb5 40. Ra8+ Kh7 41. Kh2 $2 (41. Ra1 Rxf1+ 42. Rxf1) 41... Rxf1 42. Rb8 Be2 {( -> ...Bf3)} 43. Rb7 Bf3 {Precision: White = 30%, Black = 26%.} 0-1

[Event "RUS-chT Blitz Women 2018"]
[Site "Sochi"]
[Date "2018.10.10"]
[Round "9"]
[White "Potapova, Margarita"]
[Black "Guseva, Marina"]
[Result "1-0"]
[WhiteElo "2284"]
[BlackElo "2292"]
[Annotator "TA"]
[PlyCount "127"]
[EventDate "2018.10.10"]
[EventType "swiss"]
[EventCountry "RUS"]
[SourceTitle "playchess.com"]
[Source "ChessBase"]
[SourceQuality "1"]

{[%evp 23,127,-5,36,-12,-14,-14,2,-33,-29,-50,-29,-31,-31,-34,-32,-41,-29,-27,-32,-37,-23,-15,-18,-35,-14,-26,-20,-11,-18,-23,-21,-40,-60,-66,-40,-59,-60,-68,-52,-55,-56,-71,-50,-57,-67,-138,-106,-125,-18,-37,-37,-37,0,0,0,0,0,0,2,0,0,0,34,16,36,41,87,70,68,62,29969,29970,29969,29971,29971,29971,29974,29957,29944,0,29963,0,629,0,29963,29958,29962,12816,12796,0,29959,11337,1530,0,29950,29950,29965,29967,29978,29979,29979,29980,29983,29984,29984,29982]} 1. d4 d5 2. c4 e6 3. Nc3 Nf6 4. cxd5 exd5 5. Bg5 c6 6. e3 Be7 7. Bd3 Nbd7 {[%cal Bb8d7,Bd7f8,Bf8e6][%mdl 32]} 8. Qc2 Nf8 9. Nf3 Ne6 10. Bh4 g6 11. O-O Ng7 12. Ne5 {D36: Queen's Gambit Declined: Exchange Variation: Main line (5 Bg5 c6 6 Qc2)} Bf5 {LiveBook: 3 Games} 13. Bxf6 $146 ({Predecessor:} 13. Rad1 O-O 14. f3 Re8 15. Rfe1 Bxd3 16. Qxd3 Nd7 17. Bxe7 Nxe5 18. dxe5 Rxe7 19. e4 Qb6+ {½-½ (32) Gusev,A (2413)-Tishin,P (2407) Bogoroditsk 2011}) 13... Bxf6 14. f4 {The position is equal.} O-O 15. b4 a6 16. Rac1 Bxd3 17. Qxd3 Nf5 18. Na4 $1 Nd6 19. Nc5 Qe7 20. a4 Bg7 21. Rfe1 f6 22. Nf3 Rfe8 23. Nd2 Bf8 24. e4 dxe4 25. Ndxe4 Nxe4 26. Rxe4 Qf7 27. Rce1 Rxe4 28. Qxe4 f5 29. Qe6 Qxe6 30. Rxe6 $15 {[%mdl 4096] Endgame KRB-KRN} Kf7 31. Re2 Rd8 32. Ne6 Rd7 33. Ng5+ Kf6 34. b5 (34. d5 $1 $15) 34... cxb5 $17 ({But not} 34... axb5 35. axb5 cxb5 36. Re6+ Kg7 37. Rb6 $15) 35. axb5 {[#]} axb5 (35... a5 $1 $17 {White should prevent ...h6.} 36. Re6+ Kg7) 36. Re6+ $11 Kg7 37. Rb6 Bd6 38. Rxb5 h6 39. Ne6+ Kf6 40. d5 g5 41. g3 gxf4 42. gxf4 Be7 43. Kf1 Rd6 44. Ke2 b6 45. Kf3 Rd7 46. Rxb6 {Threatens to win with Nd4+.} Rxd5 $2 {[%mdl 8192]} (46... Kf7 $14) 47. Nc7+ Rd6 48. Ne8+ Ke6 49. Nxd6 Bxd6 {KR-KB} 50. Rb7 Kf6 51. Rb6 $2 (51. Rb5 {mates} Ke6 52. Rb6 Kd7 53. h4 Ke7 54. h5 Kd7 55. Rb7+ Ke6 56. Kg3) 51... Ke7 $2 {[%mdl 8192]} (51... Ke6 $11 52. Ra6 Ke7) 52. Rb7+ (52. Ra6 $142 Ke6 53. Rb6 Ke7 54. Rc6 Kd7 55. Rc2 Be7 56. Re2 Bd6 57. Re5) 52... Kf6 $1 $18 53. Rb6 $2 (53. Rb5 $18 {Black must now prevent Rb7.} Ke6 54. Ra5) 53... Ke7 $2 {[%mdl 8192]} (53... Ke6 $11 54. Rc6 Ke7) 54. Ra6 h5 55. Ra7+ (55. Ra4 $142 Ke6 56. Kg3 Be7 57. Ra6+ Kd5 58. Ra5+ Kc4 59. Rxf5 h4+ 60. Kg4) 55... Kf6 56. Ra6 (56. Ra4 $18 Be7 57. Ra6+ Kf7 58. Ke3) 56... Ke7 57. Ra5 (57. Ra4 $142 Ke6 58. Kg3 Be7 59. Ra6+ Kd7 60. Ra7+ Kd6 {[#]} 61. Rxe7 $1 {[%mdl 512]} Kxe7 62. Kh4) 57... Ke6 58. Ra6 (58. Ra4 $18 h4 59. Ra6) 58... Ke7 $1 59. Ra4 {White mates.} Bb8 60. Kg3 Kf6 61. Kh4 Kg6 62. Ra6+ Kg7 63. Kg5 Kf7 64. Kxf5 {Precision: White = 44%, Black = 46%.} 1-0

[Event "RUS-chT Blitz Women 2018"]
[Site "Sochi"]
[Date "2018.10.10"]
[Round "9"]
[White "Solozhenkina, Elizaveta"]
[Black "Pogonina, Natalija"]
[Result "1/2-1/2"]
[WhiteElo "2276"]
[BlackElo "2485"]
[Annotator "TA"]
[PlyCount "103"]
[EventDate "2018.10.10"]
[EventType "swiss"]
[EventCountry "RUS"]
[SourceTitle "playchess.com"]
[Source "ChessBase"]
[SourceQuality "1"]

{[%evp 11,103,-16,38,34,33,31,52,33,53,16,31,28,48,31,31,31,34,32,22,23,16,21,83,16,24,18,125,29,172,133,314,313,455,446,366,119,120,124,131,39,151,164,600,134,122,134,110,65,113,22,21,21,87,96,131,135,135,58,93,74,104,105,110,74,80,80,85,62,60,55,96,0,0,0,0,0,0,0,0,0,0,0,0,0,0,0,0,0,0,0,0,0,0,0]} 1. Nf3 d5 2. g3 e6 3. Bg2 Nf6 4. O-O Be7 5. d3 O-O 6. Nbd2 d4 {LiveBook: 5 Games. A07: Réti Opening: New York and Capablanca Systems} ({Black should try} 6... c5 $11) (6... c5 7. e4 Nc6 8. Re1 Qc7 9. e5 Nd7 10. Qe2 b5 11. Nf1 Bb7 12. Bf4 Rfc8 13. Ne3 Qd8 14. h4 h6 15. c3 b4 16. c4 Nb6 17. Rad1 Rc7 18. Ng4 Qf8 19. Qe3 Nd4 20. Nxd4 cxd4 {0-1 (44) Svidler,P (2760)-Kramnik,V (2800) Moscow 2018}) 7. e4 dxe3 8. fxe3 c5 {White is slightly better.} 9. Qe2 Nc6 10. Nc4 $146 ({Predecessor:} 10. b3 Nd5 11. Bb2 Bf6 12. d4 cxd4 13. exd4 Nde7 14. c3 {1-0 (32) Karthikeyan,M (2513)-Teh,E (2328) Biel 2016}) 10... h6 11. b3 Qc7 12. Bb2 b5 13. Nfe5 Bb7 14. Nxc6 Bxc6 15. Bxc6 Qxc6 16. Ne5 $36 {[%mdl 2048] White has the initiative.} Qd6 (16... Qc7 $11) 17. e4 ({White should play} 17. a4 $16) 17... Nd7 $11 18. Ng4 Kh7 (18... Qc6 $11 {remains equal.}) 19. Rf2 (19. e5 $16 Qc6 20. a4) 19... Rac8 (19... f5 $11 {and Black stays safe.} 20. exf5 exf5) 20. Raf1 f6 $2 {[#]} (20... e5 $16 21. c4 (21. Rxf7 Rxf7 22. Rxf7 Qe6 $16) 21... bxc4) 21. e5 $18 fxe5 (21... Nxe5 $142 22. Nxe5 c4 23. Qe4+ (23. dxc4 fxe5 24. Bxe5 Qd7 $18) 23... f5) 22. Qe4+ Kh8 23. Nxe5 $2 (23. Rf7 $18 Rxf7 24. Rxf7) 23... Nxe5 $16 24. Bxe5 Qd5 {[#]} 25. Rf7 (25. Qxd5 $1 $16 exd5 26. Re2) 25... Rxf7 ({Better is} 25... Qxe4 $14 26. dxe4 Bf6 27. Rxf8+ Rxf8) 26. Rxf7 Bf8 $2 (26... Qxe4 27. dxe4 Bf8 28. Rxa7 Kg8) 27. Qxd5 $2 (27. Qf4 $18 {and the rest is easy.} Kg8 28. Rxa7) 27... exd5 28. Rxa7 $18 {[%mdl 4096] Endgame KRB-KRB} Re8 29. Bf4 b4 30. a4 (30. Kf2 $16) 30... bxa3 31. Rxa3 Kg8 (31... g5 $11 {keeps the balance.} 32. Bc7 Bg7) 32. Kf2 $16 Kf7 33. Ra7+ Kf6 34. Rd7 (34. Ra6+ $16 Re6 35. Ra5) 34... d4 35. Rc7 Ra8 36. Rc6+ Kf7 37. Ke2 Ra2 38. Kd2 Ra1 39. Bd6 Bxd6 40. Rxd6 $14 {KR-KR} Rh1 41. Rc6 (41. h4 $16) 41... Rxh2+ $11 {The position is equal.} 42. Kd1 Rh5 43. Ke2 Rg5 44. Kf3 Ke7 45. Rc7+ Kd6 46. Ra7 h5 47. Ra6+ Kd5 48. Ra7 Rf5+ 49. Kg2 Rg5 50. Kf3 Rf5+ 51. Kg2 Rg5 52. Kf3 {Precision: White = 42%, Black = 35%.} 1/2-1/2

[Event "RUS-chT Blitz Women 2018"]
[Site "Sochi"]
[Date "2018.10.10"]
[Round "9"]
[White "Vasilevich, Irina"]
[Black "Sakorenko, Adriana"]
[Result "1-0"]
[WhiteElo "2258"]
[BlackElo "2061"]
[Annotator "TA"]
[PlyCount "57"]
[EventDate "2018.10.10"]
[EventType "swiss"]
[EventCountry "RUS"]
[SourceTitle "playchess.com"]
[Source "ChessBase"]
[SourceQuality "1"]

{[%evp 18,57,-3,-12,0,-6,-5,-4,16,0,10,-3,3,4,22,-18,28,-10,0,-7,0,-9,-12,-2,65,0,0,0,87,-23,-8,-39,-37,-55,-47,-107,0,0,675,657,684,675]} 1. b3 Nf6 2. Bb2 e6 3. e3 d5 4. Be2 c5 5. d3 Nc6 6. Nd2 b6 7. a3 Bb7 8. Ngf3 Be7 9. O-O O-O 10. c4 {LiveBook: 53 Games} dxc4 {A30: Symmetrical English: Double Fianchetto and Hedgehog} (10... Qd7 11. cxd5 Nxd5 12. Rc1 Bf6 13. Qc2 Rac8 14. Bxf6 Nxf6 15. Qb2 Qe7 16. Rc2 Rfd8 17. Rfc1 h6 18. Nc4 {1-0 (68) Balog,I (2554)-Kosic,D (2517) Hungary 2012}) 11. bxc4 Rc8 $146 ({Predecessor:} 11... Qc7 12. Qc2 Rfd8 13. Rfd1 Ng4 14. h3 Nge5 15. Ne1 Rd7 16. f4 Ng6 17. Nef3 Rad8 18. Ne4 {½-½ (62) Roos,L (2346)-Guichard,P (2312) Chartres 2017}) 12. Qc2 Qd7 {The position is equal.} 13. Rfd1 Rfd8 14. Rab1 Qe8 15. Bc3 Nd7 16. Ne4 h6 (16... f5 $5 {[%cal Rf5e4]} 17. Ng3 Nf6 $11) 17. Qb2 f5 18. Ng3 Bf6 19. d4 cxd4 20. exd4 Ba8 (20... Qf7 $11) 21. Bf1 ({White should play} 21. d5 $14 exd5 22. Bxf6 (22. Rxd5 Bxc3 23. Qxc3 Ne7 $15) (22. Nxf5 d4 $14) (22. cxd5 Bxc3 23. Qxc3 Nce5 $14) 22... Nxf6 23. cxd5 (23. Nxf5 Qe6 $14) 23... Nxd5 24. Nxf5) 21... Nf8 22. Re1 Qg6 {[#]} (22... Na5 $11) 23. Rbd1 (23. d5 $1 $16) 23... Ne7 24. Ne5 Bxe5 $1 25. Rxe5 f4 $1 26. Ne2 ({Better is} 26. Bd3 $15 Nf5 27. d5 (27. Rxe6 Nxe6 28. Bxf5 Qf7 $17) 27... fxg3 28. fxg3) 26... f3 (26... Qf7 $17 {aiming for ...Nfg6.} 27. Nc1 Nfg6) 27. Nf4 $11 Qg4 $2 {[%mdl 8192] [#]} (27... Qf6 $11 28. g3 Qxe5 29. dxe5 Rxd1) 28. g3 $18 Neg6 29. h3 {Precision: White = 27%, Black = 33%.} 1-0

[Event "RUS-chT Blitz Women 2018"]
[Site "Sochi"]
[Date "2018.10.10"]
[Round "9"]
[White "Schepetkova, Margarita"]
[Black "Bivol, Alina"]
[Result "0-1"]
[WhiteElo "2219"]
[BlackElo "2403"]
[Annotator "TA"]
[PlyCount "24"]
[EventDate "2018.10.10"]
[EventType "swiss"]
[EventCountry "RUS"]
[SourceTitle "playchess.com"]
[Source "ChessBase"]
[SourceQuality "1"]

{[%evp 9,24,-5,27,25,29,33,33,25,28,27,56,12,1,-348,-335,-338,-322]} 1. d4 Nf6 2. Nf3 g6 3. Bg5 Bg7 4. e3 c5 5. c3 cxd4 {LiveBook: 9 Games} (5... O-O 6. Nbd2 b6 7. a4 Bb7 8. Be2 d6 9. O-O a6 10. Ne1 Nbd7 11. Bf3 d5 12. Nd3 h6 13. Bxf6 Bxf6 14. a5 cxd4 15. exd4 {1-0 (57) Megaranto,S (2535)-Andreikin,D (2743) Almaty 2016}) 6. cxd4 {A48: 1 d4 Nf6 2 Nf3 g6: Torre, London and Colle Systems} d6 7. Nc3 O-O 8. Bd3 {White is slightly better.} Nc6 9. O-O Qa5 10. Qe2 $146 ({Predecessor:} 10. a3 Bg4 11. Bxf6 Bxf6 12. h3 Bd7 13. b4 Qd8 {½-½ (30) Pavlik,M (2010)-Michel,N (1933) Slovakia 2016}) 10... Bg4 {[#] White must now prevent ...Bxf3.} 11. h3 $2 {[%mdl 8192]} (11. Bxf6 $11 {and White is okay.} exf6 12. h3) 11... Bxf3 $1 $19 12. Qxf3 Qxg5 0-1

[Event "RUS-chT Blitz Women 2018"]
[Site "Sochi"]
[Date "2018.10.10"]
[Round "9"]
[White "Drozdova, Dina"]
[Black "Shestakova, Ekaterina"]
[Result "1-0"]
[WhiteElo "2183"]
[BlackElo "1886"]
[Annotator "TA"]
[PlyCount "67"]
[EventDate "2018.10.10"]
[EventType "swiss"]
[EventCountry "RUS"]
[SourceTitle "playchess.com"]
[Source "ChessBase"]
[SourceQuality "1"]

{[%evp 9,67,24,48,-13,-9,-14,9,9,9,0,10,0,0,0,0,0,148,141,160,152,153,146,212,117,210,162,280,258,264,183,225,189,181,162,301,185,185,185,169,111,162,115,126,126,145,126,126,126,126,137,525,519,520,520,497,488,1157,1178,1123,1096]} 1. d4 d5 2. c4 c6 3. cxd5 cxd5 4. Nc3 Nc6 5. Nf3 Bg4 (5... Nf6 6. Bf4 Nh5 7. Bd2 Nf6 8. e3 e6 9. Bd3 Bd6 10. e4 dxe4 11. Nxe4 Be7 12. O-O O-O 13. Qc2 h6 14. Rad1 Bd7 {0-1 (40) Carlsen,M (2837)-Nepomniachtchi,I (2729) London 2017}) 6. e3 {D10: Slav Defence: 3 cxd5 (without early Nf3) and 3 Nc3} (6. Ne5 $14 Bd7 7. e4 (7. Nxd5 Qa5+ 8. Nc3 Nxe5 $11) (7. Nxd7 Qxd7 8. e4 e6 $14)) 6... e6 $11 7. Be2 Bxf3 $146 ({Predecessor:} 7... Bd6 8. e4 dxe4 9. Nxe4 Bb4+ 10. Bd2 Bxf3 11. Bxf3 Qxd4 12. O-O Bxd2 13. Nxd2 {0-1 (48) Olenderek,T (2160)-Sopur,L (2425) Police 2009}) 8. Bxf3 {The position is equal.} Bd6 9. g3 Nf6 10. Bd2 O-O 11. O-O a6 12. Rc1 b5 (12... Rc8 $11 {keeps the balance.}) 13. Nxd5 $1 $16 exd5 14. Rxc6 Qd7 15. Qc2 h5 (15... a5 $16 16. Rc1 b4) 16. h4 (16. Ba5 $18) 16... Rfe8 (16... a5 $16 {was called for.} 17. a3 b4 18. axb4 axb4) 17. Rc1 Qe7 (17... a5 $142 18. a3 b4 19. axb4 axb4) 18. Kg2 Qd7 19. a4 b4 20. Qd3 a5 21. b3 Rec8 (21... g6 {is a better defense.} 22. Ra6 Kg7) 22. Rxc8+ Rxc8 23. Rxc8+ Qxc8 24. Qb1 ({Better is} 24. e4 $18 dxe4 25. Bxe4) 24... Qc7 (24... Qd7 $16 25. Qd3 Qc6) 25. Qc1 Qxc1 26. Bxc1 {[%mdl 4096] Endgame KBB-KBN} Kf8 27. Kf1 Ke7 28. Ke2 g6 29. Kd3 Nd7 $2 {[%mdl 8192] [#]} (29... Ng4 $16 {is tougher.}) 30. Bxd5 $18 {White is clearly winning.} Nb6 31. Bc4 f6 32. e4 g5 (32... Bc7 $142 33. Bb5 Nc8) 33. hxg5 fxg5 34. Bxg5+ {Precision: White = 43%, Black = 25%.} 1-0